Cours de statistique appliquée aux affaires
Na minha lista:
| Autor principal: | |
|---|---|
| Formato: | Livro |
| Idioma: | francês |
| Publicado em: |
Paris
Hermann
1944
|
| Tags: |
Sem tags, seja o primeiro a adicionar uma tag!
|
MARC
| LEADER | 00000nam a2200000 4500 | ||
|---|---|---|---|
| 001 | c126612 | ||
| 005 | 20041019155238.5 | ||
| 041 | 0 | |a fre | |
| 044 | |a FR | ||
| 245 | 1 | 0 | |a Cours de statistique appliquée aux affaires |c Michel Huber |
| 264 | 1 | |a Paris |b Hermann |c 1944 | |
| 300 | |a 254 s. | ||
| 100 | 1 | |a Huber, Michel | |